Теплообменная аппаратура: каталог-справочник 5-68

Bibliografische gegevens
Coauteur: Научно-исследовательский институт информации по тяжелому, энергетическому и транспортному машиностроению
Samenvatting:Исключено из фонда НТБ ТПУ
Taal:Russisch
Gepubliceerd in: Москва, НИИИНФОРМТЯЖМАШ, 1969
Formaat: MixedMaterials Boek
KOHA link:https://koha.lib.tpu.ru/cgi-bin/koha/opac-detail.pl?biblionumber=117083

MARC

LEADER 00000nam0a2200000 4500
001 117083
005 20231101215356.0
035 |a (RuTPU)RU\TPU\book\126710 
035 |a RU\TPU\book\123714 
090 |a 117083 
100 |a 20070530d1969 k y0rusy50 ca 
101 0 |a rus 
102 |a RU 
105 |a a bg 000zy 
200 1 |a Теплообменная аппаратура  |e каталог-справочник 5-68  |f Научно-исследовательский институт информации по тяжелому, энергетическому и транспортному машиностроению 
210 |a Москва  |c НИИИНФОРМТЯЖМАШ  |d 1969 
215 |a 157 с.  |c ил. 
333 |a Исключено из фонда НТБ ТПУ 
712 0 2 |a Научно-исследовательский институт информации по тяжелому, энергетическому и транспортному машиностроению  |9 24456 
801 1 |a RU  |b 63413507  |c 20070423  |g PSBO 
801 2 |a RU  |b 63413507  |c 20220617  |g PSBO 
942 |c BK